Вълшебните техники (Запис номер 69065)
[ съкратено ]
| 000 -Лидер | |
|---|---|
| Контролно поле с фиксирана дължина | 01484nam a2200337 c 4500 |
| 003 - Код на организацията, давaща контролен номер | |
| Контролно поле | BLK |
| 005 - Дата и час на последна редакция | |
| Контролно поле | 20180420223642.0 |
| 008 - Елементи от данни с фиксирана дължина | |
| fixed length control field | 180408b bul|||||r ||||||| ||bul|| |
| 010 ## - Наследен системен номер | |
| LC control number | KNG00073404000 |
| 020 ## - Международен стандартен номер на книга ISBN | |
| Международен стандартен номер на книга ISBN | 954-90237-3-7 |
| -- | издат.: Златно ключе |
| 040 ## - Източник на каталожния запис | |
| Идентификатор на билиотеката - собственик на записа | BLK |
| 041 ## - Код за език | |
| Код за езика на текст/звукозапис или на отделно заглавие | Български |
| Код за езика КДБФ | Български |
| 080 ## - УДК | |
| Текстов определител УДК | Восъчни фигури (паноптикум), игри с кукли, игри на сенки и др. п. развлечения. Вж и 688; 792.96; 792. 97 |
| УДК код - определител по УДК | 791.5 |
| УДК определител | .02 |
| УДК - код + определител | 791.5.02 |
| 080 ## - УДК | |
| Текстов определител УДК | Куклен театър. Марионетен театър. Вж и 791.5 |
| УДК код - определител по УДК | 792.97 |
| УДК определител | |
| УДК - код + определител | 792.97 |
| 100 1# - Редна дума - Автор | |
| Автор | Цветанов, Мирослав Любомиров |
| Авторска отговорност | първи автор |
| R(LIN) | 261910 |
| 139 ## - Редно поле | |
| Редна дума | Цветанов, Мирослав Любомиров |
| Авторски знак | Цвет - Ц 30 |
| 245 10 - Сведения за заглавието | |
| Заглавие | Вълшебните техники |
| Подзаглавни данни | Метод в куклената технология |
| Редно поле (дума) | Мирослав Любомиров Цветанов. |
| 257 ## - Страна на издаване | |
| Страна на създаване/издаване | България |
| 260 ## - Област на издателските данни | |
| -- | София |
| Име на издателя, разпространителя и проч. | Златно ключе |
| Година на издаване | 2006 |
| 300 ## - Физическа характеристика | |
| Страници | 208 с. |
| Илюстрации и др. | с ил. |
| Размери/Мащаб | 24 см |
| 380 ## - Жанр | |
| Жанр | Изкуство |
| 500 ## - Общи забележки | |
| Забележка | На кор. авт. отбелязан Миро. - Офс. изд. - Библиогр. под линия. |
| 650 #4 - Допълнително описание по предмет – тема | |
| Основно описание – тема или топоним | Кукли - технологии |
| 9 (RLIN) | 274231 |
| 653 ## - Ключова дума – ненормативна | |
| Ключова дума | кукли |
| 653 ## - Ключова дума – ненормативна | |
| Ключова дума | технологии |
| 852 ## - Местоположение | |
| Форматна сигнатура | Цб 232674 |
| 856 4# - Електронен адрес и достъп | |
| Електронен формат | pdf - файл |
| Път до файла /url/ | |
| 856 4# - Електронен адрес и достъп | |
| Електронен формат | pdf - файл |
| Път до файла /url/ | |
| 942 ## - АРТИКУЛИ | |
| Вид на библиотечния материал | Книги |
| Скрит в OPAC | Не |
| 944 ## - СЪЗДАВАНЕ И РЕДАКЦИЯ на ЗАПИСА | |
| Създаване/Редакция | Създаване |
| Дата на регистрацията/редакция | 23.03.2007 |
| Служител, извършил регистрацията/редакцията | Ирена_Линкова |
| 944 ## - СЪЗДАВАНЕ И РЕДАКЦИЯ на ЗАПИСА | |
| Създаване/Редакция | Редакция |
| Дата на регистрацията/редакция | 12.10.2012 |
| Служител, извършил регистрацията/редакцията | |
| 999 ## - СИСТЕМНИ КОНТРОЛНИ НОМЕРА | |
| Koha biblionumber | 69065 |
| Koha biblioitemnumber | 69065 |
| Код за отписване | Код за изгубен артикул | Източник на класификационната схема | Код за повреда | Коз за рестрикции | Код за отдаване | Артикулен № | Име на библиотеката - собственик | Име на библиотеката, в която се намира в момента | Статус (Текущо местоположение) | Дата на вписване в системата | Местоположение - отдел | Цена в лева | Инвентарен номер | Систематично азбучна сигнатура | Баркод | Номер на екземпляра | Цена в евро | Служебна бележка | Служебен тип на артикула |
|---|---|---|---|---|---|---|---|---|---|---|---|---|---|---|---|---|---|---|---|
| Не е изгубен | Universal Decimal Classification | Не е повреден | само за читалня | ползва се в читалня | 113372 | Регионална библиотека "Любен Каравелов" Русе | Регионална библиотека "Любен Каравелов" Русе | Хранилище | 2007-03-26 | Хранилище | 0.00 | 120000711739 | Цб 232674 | 120000711739 | 1 | 0.00 | Дост: Dp Вид: Д N: 33 Дата: 19.07.2006 | Книги | |
| Не е изгубен | Universal Decimal Classification | Не е повреден | без рестрикции | заемане за дома | 113373 | Регионална библиотека "Любен Каравелов" Русе | Регионална библиотека "Любен Каравелов" Русе | Отдел Изкуство - подръчен фонд | 2008-09-26 | Отдел Изкуство - подръчен фонд | 10.00 | 120000729738 | 79/Ц 30 | 120000729738 | 2 | 5.11 | Дост: Pk Вид: Ф N: 8935 Дата: 24.09.2008 Дата инв: 08.06.2012 Бележки инв: * | Книги | |
| Не е изгубен | Universal Decimal Classification | Не е повреден | без рестрикции | заемане за дома | 113374 | Регионална библиотека "Любен Каравелов" Русе | Регионална библиотека "Любен Каравелов" Русе | Отдел Изкуство - подръчен фонд | 2008-10-03 | Отдел Изкуство - подръчен фонд | 10.00 | 120000730248 | 79/Ц 30 | 120000730248 | 3 | 5.11 | Дост: Pk Вид: Ф N: 8544 Дата: 03.10.2008 Дата инв: 05.04.2017 Бележки инв: ИП2017 | Книги |